Losing Presidential Candidates - Statistics

General Stats
  • This quiz has been taken 35 times
  • The average score is 38 of 77
Answer Stats
Hint Answer % Correct
2016-Democratic Hilary Clinton
85%
2000-Democratic Al Gore
80%
2020-Republican Donald Trump
80%
1996-Republican Bob Dole
75%
1992-Republican George H.W. Bush
75%
1976-Republican Gerald Ford
75%
1968-Dixiecrat Henry Wallace
75%
1980-Democratic Jimmy Carter
75%
2004-Democratic John Kerry
75%
2008-Republican John McCain
75%
1952-Democratic Adlai Stevenson II
70%
1956-Democratic Adlai Stevenson II
70%
1964-Republican Barry Goldwater
70%
2012-Republican Mitt Romney
70%
1996-Independent Ross Perot
70%
1984-Democratic Walter Mondale
70%
1972-Democratic George McGovern
65%
1968-Democratic Hubert Humphrey
65%
1800-Federalist John Adams
65%
1988-Democratic Michael Dukakis
65%
1960-Republican Richard Nixon
65%
1992-Independent Ross Perot
65%
1932-Republican Herbert Hoover
60%
1944-Republican Thomas E. Dewey
60%
1948-Republican Thomas E. Dewey
60%
1796-Democratic Republican Thomas Jefferson
60%
1824-Democratic Republican Andrew Jackson
55%
1912-Bull Moose Theodore Roosevelt
55%
1900-Democratic William Jennings Bryan
55%
1908-Democratic William Jennings Bryan
55%
1928-Democratic Al Smith
50%
1948-Dixiecrat Strom Thurmond
50%
1940-Republican Wendell Wilkie
50%
1912-Republican William Howard Taft
50%
1896-Democratic William Jennings Bryan
50%
1936-Republican Alf Landon
45%
1804-Federalist Charles C. Pinckney
45%
1808-Federalist Charles C. Pinckney
45%
1812-Federalist DeWitt Clinton
45%
1824-Democratic Republican Henry Clay
45%
1860-S. Democratic John C. Breckinridge
45%
1828-National Republican John Quincy Adams
45%
1924-Progressive Robert La Follette
45%
1892-Republican Benjamin Harrison
40%
1864-Democratic George McClellan
40%
1888-Democratic Grover Cleveland
40%
1832-National Republican Henry Clay
40%
1920-Democratic James Cox
40%
1860-Constitutional John Bell
40%
1876-Democratic Samuel J. Tilden
40%
1860-N. Democratic Stephen A. Douglas
40%
1904-Democratic Alton G. Parker
35%
1916-Republican Charles Evans Hughes
35%
1892-Populist James B. Weaver
35%
1980-Independent John Anderson
35%
1856-Republican John C. Fremont
35%
1924-Democratic John Davis
35%
1840-Democratic Martin Van Buren
35%
1848-Free Soil Martin Van Buren
35%
1856-Know Nothing Millard Fillmore
35%
1816-Federalist Rufus King
35%
1824-Democratic Republican William H. Crawford
35%
1836-Whig William Henry Harrison
35%
1880-Democratic Winfield S. Hancock
35%
1836-Whig Daniel Webster
30%
1912-Socialist Eugene Debs
30%
1872-Liberal Republican Horace Greeley
30%
1868-Democratic Horatio Seymour
30%
1884-Republican James G. Blaine
30%
1832-Nullifer John Floyd
30%
1848-Democratic Lewis Cass
30%
1832-Anti Masonic William Wirt
30%
1852-Whig Winfield Scott
30%
1836-Whig Hugh L. White
25%
1836-Whig Willie Magnum
25%
1844-Whig Henry Clay
20%
1852-Free Soil John P. Hale
20%
No matching quizzes found
Score Distribution
Percent of People with Each Score
Percentile by Number Answered
Your Score History
You have not taken this quiz